000 00774 a2200205 4500
003 NUST
005 20221215163534.0
010 _a 72009388
020 _a060429054
040 _cNust
082 0 0 _a327,HOP
100 1 _aHopkins, Raymond F.
_9105017
245 1 0 _aStructure and process in international politics /
_cRaymond F. Hopkins [and] Richard W. Mansbach.
260 _aNew York,
_bHarper & Row
_c[1973]
300 _aviii, 498 p.:
_billus.
_c27 cm.
505 _aA Framework For Analysis (Page-1), The International Systems Parts and Wholes (Page-79), The Dynamics of the International Systems (Page-275), Security and Survival (Page-441).
650 0 _aInternational relations.
700 1 _aMansbach, Richard W.,
_d1943-
_9105018
942 _2ddc
_cBK
_k327,HOP
999 _c184275
_d184275